Central Library OPAC University of Rajshahi

Psychological effects of war on citizen and soldier / (Record no. 29754)

MARC details
000 -LEADER
fixed length control field 00859nam a22002891 4500
001 - CONTROL NUMBER
control field 29754
003 - CONTROL NUMBER IDENTIFIER
rucl marc code BD-RjUL
005 - DATE AND TIME OF LATEST TRANSACTION
control field 20211209051444.0
008 - FIXED-LENGTH DATA ELEMENTS--GENERAL INFORMATION
fixed length control field 140407s1943 nyu b 010 0 eng
035 ## - SYSTEM CONTROL NUMBER
System control number (BD-RjUL)29839
040 ## - CATALOGING SOURCE
Original cataloging agency DLC
Transcribing agency Wa
Modifying agency DLC
-- BD-RjUL
Language of cataloging eng
041 ## - LANGUAGE CODE
Language code of text/sound track or separate title eng
082 00 - DEWEY DECIMAL CLASSIFICATION NUMBER
Classification number 616.8
Author mark and year GIP 1943
100 1# - MAIN ENTRY--PERSONAL NAME
Personal name Gillespie, Robert Dick,
Dates associated with a name 1897-1945.
9 (RLIN) 90586
245 10 - TITLE STATEMENT
Title Psychological effects of war on citizen and soldier /
Statement of responsibility, etc. R. D. Gillespie.
260 ## - PUBLICATION, DISTRIBUTION, ETC. (IMPRINT)
Place of publication, distribution, etc. New York :
Name of publisher, distributor, etc. W. W. Norton,
Date of publication, distribution, etc. 1942.
300 ## - PHYSICAL DESCRIPTION
Pagination 251 p. ;
Size 21 cm.
490 1# - SERIES STATEMENT
Series statement Thomas W. Salmon memorial lectures
500 ## - GENERAL NOTE
General note "First edition."
504 ## - BIBLIOGRAPHY, ETC. NOTE
Bibliography, etc Bibliography: p. 245-250.
650 #0 - SUBJECT ADDED ENTRY--TOPICAL TERM
Topical term or geographic name as entry element Neuroses.
9 (RLIN) 90587
Topical term or geographic name as entry element War.
9 (RLIN) 90588
830 #0 - SERIES ADDED ENTRY--UNIFORM TITLE
Uniform title Thomas William Salmon memorial lectures.
942 ## - ADDED ENTRY ELEMENTS (KOHA)
Source of classification or shelving scheme Dewey Decimal Classification
Koha item type Books
Holdings
Lost status Source of classification or shelving scheme Damaged status Not for loan Collection code Permanent Location Current Location Shelving location Date acquired Source of acquisition Total Checkouts Full call number Date last seen Copy number Koha item type
  Dewey Decimal Classification   Added to bundle Non-fiction Central Library, University of Rajshahi Central Library, University of Rajshahi Reading Room 29/04/1966 Australia   616.8 GIP 1943 07/04/2014 C-1 Books